[Event "ROM-ch"]
[Site "Baile Tusnad"]
[Date "2005.12.05"]
[Round "10"]
[White "Moraru, Marius"]
[Black "Manea, Alexandru"]
[Result "1/2-1/2"]
[WhiteElo "2327"]
[BlackElo "2307"]
[PlyCount "49"]
[EventDate "2005.11.26"]
[EventType "swiss"]
[EventRounds "11"]
[EventCountry "ROU"]
[SourceTitle "CBM 109 Extra"]
[Source "ChessBase"]
[SourceDate "2006.01.03"]
[SourceVersion "2"]
[SourceVersionDate "2006.01.03"]
[SourceQuality "1"]

1. e4 e6 2. d4 d5 3. Nd2 c5 4. exd5 Qxd5 5. Ngf3 cxd4 6. Bc4 Qd6 7. 0-0 Nc6 8. Ne4 Qd8 9. c3 Be7 10. cxd4 Nf6 11. Nc3 0-0 12. a3 b6 13. d5 exd5 14. Nxd5 Nxd5 15. Bxd5 Bb7 16. Bf4 Na5 17. Bxb7 Nxb7 18. Ne5 Qxd1 19. Raxd1 Rfe8 20. b4 Nd8 21. Rd7 a5 22. bxa5 Rxa5 23. Rfd1 Ra8 24. Nc4 Ne6 25. Nxb6 1/2-1/2

[Event "ROM-ch"]
[Site "Baile Tusnad"]
[Date "2005.11.26"]
[Round "1"]
[White "Marin, Mihail"]
[Black "Moraru, Marius"]
[Result "1-0"]
[WhiteElo "2541"]
[BlackElo "2327"]
[PlyCount "51"]
[EventDate "2005.11.26"]
[EventType "swiss"]
[EventRounds "11"]
[EventCountry "ROU"]
[SourceTitle "CBM 109 Extra"]
[Source "ChessBase"]
[SourceDate "2006.01.03"]
[SourceVersion "2"]
[SourceVersionDate "2006.01.03"]
[SourceQuality "1"]

1. c4 e5 2. Nc3 Nc6 3. Nf3 g6 4. d4 exd4 5. Nxd4 Bg7 6. Nxc6 bxc6 7. g3 Ne7 8. Bg2 0-0 9. 0-0 Rb8 10. Qc2 Nf5 11. e3 Ba6 12. b3 d5 13. Ba3 dxc4 14. bxc4 Nd6 15. Rac1 Nxc4 16. Bxf8 Qxf8 17. Rfd1 Nb2 18. Rd7 Bc8 19. Rxc7 Bf5 20. Ne4 Qa3 21. Qxc6 Nd3 22. Rf1 Qxa2 23. Nf6+ Bxf6 24. Qxf6 Rb1 25. Qd8+ Kg7 26. Rxf7+ 1-0

[Event "ROM-chT"]
[Site "Baile Tusnad"]
[Date "2005.05.28"]
[Round "8"]
[White "Moraru, Marius"]
[Black "Barnaure, Vlad Victor"]
[Result "0-1"]
[WhiteElo "2339"]
[BlackElo "2439"]
[PlyCount "160"]
[EventDate "2005.05.21"]
[EventType "team"]
[EventRounds "9"]
[EventCountry "ROU"]
[SourceTitle "CBM 106 Extra"]
[Source "ChessBase"]
[SourceDate "2005.07.01"]
[SourceVersion "1"]
[SourceVersionDate "2005.07.01"]
[SourceQuality "1"]

1. e4 c6 2. d4 d5 3. exd5 cxd5 4. Bd3 Nc6 5. c3 Qc7 6. Ne2 Bg4 7. f3 Bd7 8. Bf4 e5 9. Bg3 Bd6 10. Bb5 Nge7 11. dxe5 Nxe5 12. Bxd7+ Qxd7 13. Nd4 0-0 14. 0-0 Nc4 15. Bxd6 Qxd6 16. Re1 Nc6 17. b3 N4e5 18. Nxc6 bxc6 19. Qd4 Rfe8 20. Nd2 c5 21. Qf4 Re6 22. Rad1 Qe7 23. Qf5 Re8 24. f4 g6 25. Qh3 Ng4 26. Rxe6 Qxe6 27. Qf3 c4 28. Nf1 cxb3 29. axb3 Qb6+ 30. Rd4 Nf6 31. Kh1 Qxb3 32. f5 Kg7 33. h3 Re4 34. Rd2 Qc4 35. Rf2 g5 36. Qg3 h6 37. Nd2 Re1+ 38. Kh2 Qa4 39. Nf3 Re3 40. Qc7 g4 41. Rb2 Qc4 42. Qxc4 dxc4 43. hxg4 Nxg4+ 44. Kg3 Ne5 45. Kf4 Rxf3+ 46. Kxe5 Rxc3 47. Ra2 Re3+ 48. Kd4 Re7 49. Kxc4 Kf6 50. Ra6+ Kg5 51. Kd4 f6 52. g4 Rb7 53. Ke3 Rb4 54. Rxa7 Rxg4 55. Kf3 Rf4+ 56. Kg3 Rb4 57. Rg7+ Kxf5 58. Rg8 Rb3+ 59. Kg2 h5 60. Kh2 Rb4 61. Rh8 Kg5 62. Kh3 Rg4 63. Rg8+ Kf4 64. Rh8 Rg1 65. Rh6 f5 66. Kh2 Rg5 67. Ra6 Kg4 68. Ra1 f4 69. Rg1+ Kf5 70. Ra1 Rg3 71. Ra8 Kg4 72. Rg8+ Kf3 73. Rh8 Rg5 74. Ra8 Re5 75. Ra3+ Kf2 76. Ra2+ Re2 77. Ra7 f3 78. Rh7 Ke1+ 79. Kh1 f2 80. Rf7 Re8 0-1

[Event "ROM-chT"]
[Site "Baile Tusnad"]
[Date "2005.05.26"]
[Round "6"]
[White "Moraru, Marius"]
[Black "Tantau, Adrian"]
[Result "1/2-1/2"]
[WhiteElo "2339"]
[BlackElo "2215"]
[PlyCount "50"]
[EventDate "2005.05.21"]
[EventType "team"]
[EventRounds "9"]
[EventCountry "ROU"]
[SourceTitle "CBM 106 Extra"]
[Source "ChessBase"]
[SourceDate "2005.07.01"]
[SourceVersion "1"]
[SourceVersionDate "2005.07.01"]
[SourceQuality "1"]

1. e4 c5 2. Nf3 Nc6 3. d4 cxd4 4. Nxd4 Nf6 5. Nc3 g6 6. Be3 Bg7 7. Bc4 0-0 8. Bb3 a5 9. f3 d5 10. exd5 Nb4 11. Nde2 a4 12. Nxa4 Nfxd5 13. Bf2 b5 14. Nac3 Nxc3 15. bxc3 Qxd1+ 16. Rxd1 Nxa2 17. Bd4 Be6 18. Bxg7 Kxg7 19. Bxe6 fxe6 20. 0-0 Rfc8 21. Rd3 b4 22. cxb4 Nxb4 23. Re3 Kf7 24. Nf4 Rxc2 25. Rfe1 Raa2 1/2-1/2

[Event "ROM-chT"]
[Site "Baile Tusnad"]
[Date "2005.05.23"]
[Round "3"]
[White "Filip, Lucian Ioan"]
[Black "Moraru, Marius"]
[Result "1-0"]
[WhiteElo "2386"]
[BlackElo "2339"]
[PlyCount "78"]
[EventDate "2005.05.21"]
[EventType "team"]
[EventRounds "9"]
[EventCountry "ROU"]
[SourceTitle "CBM 106 Extra"]
[Source "ChessBase"]
[SourceDate "2005.07.01"]
[SourceVersion "1"]
[SourceVersionDate "2005.07.01"]
[SourceQuality "1"]

1. d4 Nf6 2. c4 c5 3. d5 b5 4. cxb5 a6 5. bxa6 Bxa6 6. Nc3 g6 7. g3 d6 8. Bg2 Bg7 9. Nf3 0-0 10. 0-0 Nbd7 11. Rb1 Ra7 12. Re1 Nb6 13. b3 Bb7 14. e4 Nfd7 15. Qc2 Qa8 16. Bg5 f6 17. Bd2 f5 18. Ng5 fxe4 19. Qxe4 e5 20. Qh4 Nf6 21. Ne6 Rf7 22. Nxg7 Kxg7 23. Bh6+ Kh8 24. Nb5 Bxd5 25. Bxd5 Nbxd5 26. Nxd6 Rfe7 27. a4 Re6 28. Nb5 Rf7 29. Rbc1 e4 30. Rxc5 e3 31. Bxe3 Nxe3 32. Rxe3 Rxe3 33. fxe3 Ne4 34. Rc7 Rxc7 35. Nxc7 Qc6 36. Qd8+ Kg7 37. Ne8+ Kf8 38. Nd6+ Kg7 39. Nxe4 Qxe4 1-0

[Event "ROM-ch"]
[Site "Brasov"]
[Date "2004.11.21"]
[Round "1"]
[White "Moraru, Marius"]
[Black "Chirila, Ioan Cristian"]
[Result "1/2-1/2"]
[WhiteElo "2348"]
[BlackElo "2207"]
[PlyCount "117"]
[EventDate "2004.11.20"]
[EventType "k.o."]
[EventRounds "5"]
[EventCountry "ROU"]
[SourceTitle "EXT 2006"]
[Source "ChessBase"]
[SourceDate "2005.11.24"]
[SourceVersion "1"]
[SourceVersionDate "2005.11.24"]
[SourceQuality "1"]

1. e4 c5 2. b4 cxb4 3. a3 d5 4. exd5 Qxd5 5. Bb2 e5 6. c4 Qe4+ 7. Be2 Qxg2 8. Bf3 Qg6 9. Ne2 Qd3 10. Ng3 Nc6 11. Be2 Qd8 12. 0-0 Nf6 13. Re1 bxa3 14. Nxa3 Bb4 15. Qb3 0-0 16. Nb5 a5 17. Bf3 a4 18. Rxa4 Rxa4 19. Qxa4 Qxd2 20. Re2 Qd3 21. Bxc6 bxc6 22. Qxb4 cxb5 23. cxb5 Bb7 24. Bxe5 Qf3 25. Kf1 Qg2+ 26. Ke1 Qg1+ 27. Kd2 Rd8+ 28. Kc2 Qd1+ 29. Kb2 Ne4 30. Qe1 Qa4 31. Rxe4 Bxe4 32. Qxe4 Qxb5+ 33. Kc2 Qc5+ 34. Bc3 Qxf2+ 35. Kb3 Rb8+ 36. Kc4 Qa2+ 37. Kd4 Qa4+ 38. Kd3 Qxe4+ 39. Kxe4 f6 40. Bd4 Kf7 41. Kf3 Rb3+ 42. Kg2 Rd3 43. Bf2 Kg6 44. Ne2 Ra3 45. Ng1 Kf5 46. Nf3 g5 47. Bc5 Ra2+ 48. Bf2 h5 49. Nd4+ Kg6 50. Kg1 h4 51. Kg2 g4 52. Kf1 f5 53. Bxh4 Rxh2 54. Bg3 Ra2 55. Ne2 Kg5 56. Kf2 Ra3 57. Kg2 Rf3 58. Kg1 Ra3 59. Kf2 1/2-1/2

[Event "ROM-chT"]
[Site "Tusnad"]
[Date "2004.05.07"]
[Round "7.6"]
[White "Moraru, Marius"]
[Black "Murariu, Andrei"]
[Result "1/2-1/2"]
[WhiteElo "2337"]
[BlackElo "2364"]
[PlyCount "85"]
[EventDate "2004.05.05"]
[EventType "team"]
[EventRounds "9"]
[EventCountry "ROU"]
[SourceTitle "EXT 2008"]
[Source "ChessBase"]
[SourceDate "2007.11.25"]
[SourceVersion "1"]
[SourceVersionDate "2007.11.25"]
[SourceQuality "1"]

1. e4 c5 2. Nf3 Nc6 3. Bb5 g6 4. 0-0 Bg7 5. Bxc6 dxc6 6. d3 e5 7. Be3 Qe7 8. Nbd2 Nf6 9. h3 Nd7 10. a4 a5 11. Nc4 b6 12. Qd2 Ba6 13. b3 0-0 14. Rfe1 Rfe8 15. Rab1 Rab8 16. Bh6 f6 17. Nh2 Nf8 18. Bxg7 Kxg7 19. f4 exf4 20. Qxf4 Ne6 21. Qf2 Qc7 22. e5 Rf8 23. Qh4 fxe5 24. Nxe5 Rbe8 25. Nhg4 h5 26. Nxg6 Kxg6 27. Re5 hxg4 28. Qxg4+ Kf6 29. Rxe6+ Rxe6 30. Rf1+ Ke7 31. Qg7+ Kd6 32. Qxf8+ Qe7 33. Qb8+ Qc7 34. Qf8+ Qe7 35. Qg8 Qe8 36. Qg3+ Kd7 37. h4 Bb7 38. Rf5 c4 39. dxc4 c5 40. Qg7+ Re7 41. Qg4 Kc7 42. Qf4+ Kd7 43. Qg4 1/2-1/2

[Event "ROM-chT"]
[Site "Tusnad"]
[Date "2004.05.03"]
[Round "3.6"]
[White "Navrotescu, Catalin"]
[Black "Moraru, Marius"]
[Result "1-0"]
[WhiteElo "2399"]
[BlackElo "2337"]
[PlyCount "71"]
[EventDate "2004.05.05"]
[EventType "team"]
[EventRounds "9"]
[EventCountry "ROU"]
[SourceTitle "EXT 2008"]
[Source "ChessBase"]
[SourceDate "2007.11.25"]
[SourceVersion "1"]
[SourceVersionDate "2007.11.25"]
[SourceQuality "1"]

1. d4 Nf6 2. Nf3 g6 3. Bg5 Bg7 4. c3 d5 5. Nbd2 0-0 6. e3 h6 7. Bh4 Bf5 8. Be2 Nbd7 9. 0-0 c6 10. a4 Ne4 11. Nxe4 dxe4 12. Nd2 g5 13. Bg3 Bg6 14. a5 f5 15. f3 f4 16. Bf2 Nf6 17. exf4 gxf4 18. fxe4 Nxe4 19. Nxe4 Bxe4 20. Bf3 Bxf3 21. Qxf3 Kh8 22. Rfe1 Qd7 23. Re4 Qd6 24. Rae1 Rae8 25. Re6 Qc7 26. a6 Rf5 27. axb7 Qxb7 28. b4 Rf6 29. Rxf6 Bxf6 30. Qxf4 Kg7 31. Qg4+ Kh7 32. Re6 c5 33. dxc5 Qd5 34. Bd4 Bxd4+ 35. cxd4 Qg5 36. Qxg5 1-0

[Event "ROM-chT"]
[Site "Tusnad"]
[Date "2004.05.02"]
[Round "2.6"]
[White "Moraru, Marius"]
[Black "Breahna, Radu"]
[Result "1/2-1/2"]
[WhiteElo "2337"]
[BlackElo "2326"]
[PlyCount "43"]
[EventDate "2004.05.05"]
[EventType "team"]
[EventRounds "9"]
[EventCountry "ROU"]
[SourceTitle "EXT 2008"]
[Source "ChessBase"]
[SourceDate "2007.11.25"]
[SourceVersion "1"]
[SourceVersionDate "2007.11.25"]
[SourceQuality "1"]

1. e4 Nf6 2. e5 Nd5 3. c4 Nb6 4. d4 d6 5. f4 dxe5 6. fxe5 Bf5 7. Be3 e6 8. Nc3 Nc6 9. Nf3 Bg4 10. Be2 Qd7 11. 0-0 0-0-0 12. c5 Nd5 13. Nxd5 Qxd5 14. b4 Qe4 15. Qd2 f6 16. Bd3 Qd5 17. exf6 Bxf3 18. gxf3 Nxd4 19. Be4 Qc4 20. Qb2 gxf6 21. Rfd1 e5 22. Kf2 1/2-1/2

[Event "ROM-chT"]
[Site "Tusnad"]
[Date "2004.05.01"]
[Round "1.6"]
[White "Szabo, Gergely Andras"]
[Black "Moraru, Marius"]
[Result "0-1"]
[WhiteElo "2403"]
[BlackElo "2337"]
[PlyCount "104"]
[EventDate "2004.05.05"]
[EventType "team"]
[EventRounds "9"]
[EventCountry "ROU"]
[SourceTitle "EXT 2008"]
[Source "ChessBase"]
[SourceDate "2007.11.25"]
[SourceVersion "1"]
[SourceVersionDate "2007.11.25"]
[SourceQuality "1"]

1. e4 c5 2. Nf3 Nc6 3. c3 e5 4. Bc4 Qc7 5. 0-0 Be7 6. d3 Nf6 7. Re1 0-0 8. Nbd2 Rb8 9. a4 d6 10. Nf1 a6 11. Ne3 b5 12. Bd5 Na5 13. b4 cxb4 14. cxb4 Nc6 15. Qc2 Bd7 16. axb5 axb5 17. Bb2 Rfc8 18. Rec1 Qb7 19. Qb3 Nxd5 20. Nxd5 Be6 21. d4 exd4 22. Nxd4 Bg5 23. Nxc6 Rxc6 24. Qg3 Rxc1+ 25. Rxc1 Bh6 26. Rc7 Qa6 27. Ne7+ Kh8 28. Nc6 Re8 29. Na5 d5 30. Rc6 Qa8 31. f4 dxe4 32. f5 Qa7+ 33. Kh1 Bxf5 34. Rxh6 Bg6 35. Qc3 f6 36. Rh3 Qf2 37. Qc1 e3 38. Rf3 Qxb2 39. Qxb2 e2 40. h3 e1Q+ 41. Kh2 h6 42. Rg3 Kh7 43. Nc6 Rc8 44. Rxg6 Kxg6 45. Qc2+ Kf7 46. Qd3 Kg8 47. Qd7 Re8 48. Qd5+ Qe6 49. Qxb5 Rc8 50. Na5 Qd6+ 51. Kg1 Rc1+ 52. Kf2 Qf4+ 0-1

[Event "Bucharest Revolution Memorial"]
[Site "Bucharest"]
[Date "2003.12.??"]
[Round "?"]
[White "Moraru, Marius"]
[Black "Sanduleac, Vasile"]
[Result "1/2-1/2"]
[WhiteElo "2341"]
[BlackElo "2487"]
[PlyCount "92"]
[EventDate "2003.12.??"]
[EventType "swiss"]
[EventRounds "7"]
[EventCountry "ROU"]
[SourceTitle "EXT 2008"]
[Source "ChessBase"]
[SourceDate "2007.11.25"]
[SourceVersion "1"]
[SourceVersionDate "2007.11.25"]
[SourceQuality "1"]

1. e4 g6 2. d4 Bg7 3. Nc3 c6 4. f4 Qb6 5. Nf3 d5 6. e5 Bg4 7. Be2 Nh6 8. h3 Bxf3 9. Bxf3 Nf5 10. Ne2 f6 11. Bg4 e6 12. Bxf5 exf5 13. c3 Na6 14. h4 Nc7 15. h5 Ne6 16. Qd3 Qc7 17. g4 fxe5 18. fxe5 Qf7 19. h6 Bf8 20. Rf1 Rg8 21. gxf5 gxf5 22. Qxf5 Qxf5 23. Rxf5 Rg6 24. Rh5 Rd8 25. Be3 Rd7 26. Kd2 Rf7 27. Rg1 Rxg1 28. Nxg1 Rf1 29. Ne2 Rf3 30. Rh1 Kf7 31. Rg1 Be7 32. Rg4 Rh3 33. Rg2 Rh4 34. b3 b5 35. Ng1 b4 36. cxb4 Bxb4+ 37. Kc2 Be7 38. Ne2 Rh3 39. Bd2 Rf3 40. Rg4 a6 41. Rg2 Bh4 42. Rg4 Bd8 43. a4 Bb6 44. a5 Bd8 45. Nc1 Be7 46. Nd3 Rh3 1/2-1/2

[Event "ROM-ch"]
[Site "Curtea de Arges"]
[Date "2002.11.24"]
[Round "1.2"]
[White "Florescu, Codrut Constantin"]
[Black "Moraru, Marius"]
[Result "1-0"]
[WhiteElo "2408"]
[BlackElo "2301"]
[PlyCount "126"]
[EventDate "2002.12.07"]
[EventType "k.o."]
[EventRounds "5"]
[EventCountry "ROU"]
[SourceTitle "CBM 091 Extra"]
[Source "ChessBase"]
[SourceDate "2003.01.09"]
[SourceVersion "1"]
[SourceVersionDate "2003.01.09"]
[SourceQuality "1"]

1. e4 c5 2. Nf3 Nc6 3. d4 cxd4 4. Nxd4 Nf6 5. Nc3 e5 6. Ndb5 d6 7. Bg5 a6 8. Na3 b5 9. Nd5 Be7 10. Bxf6 Bxf6 11. c3 Ne7 12. Nxf6+ gxf6 13. Bd3 d5 14. Qe2 f5 15. exf5 e4 16. Bc2 Bxf5 17. f3 Qb6 18. fxe4 dxe4 19. Bxe4 0-0-0 20. Rd1 Rxd1+ 21. Kxd1 Rd8+ 22. Kc2 Bxe4+ 23. Qxe4 Qf2+ 24. Kc1 Qd2+ 25. Kb1 Nd5 26. Nc2 Nc7 27. Nd4 Re8 28. Qg4+ Kb8 29. Rd1 Re1 30. Rxe1 Qxe1+ 31. Kc2 Qf2+ 32. Qe2 Qf6 33. Qe4 h6 34. Qf5 Qd6 35. g3 f6 36. Qe4 Nd5 37. Qe8+ Kb7 38. a3 Kb6 39. Kd2 Nc7 40. Qe4 Ka7 41. Qc6 Qe5 42. Qf3 Kb6 43. Qe3 Qd5 44. Qxh6 Qg2+ 45. Ne2 Nd5 46. Qf8 Qe4 47. Qd6+ Kb7 48. Qc5 Nb6 49. b3 Nd5 50. Qd4 Qf3 51. h4 Nc7 52. Qf4 Qd5+ 53. Ke1 Qxb3 54. Qxf6 Qxa3 55. h5 Nd5 56. Qf7+ Kc6 57. Nd4+ Kb6 58. Qxd5 Qxc3+ 59. Kf2 Qd2+ 60. Kf3 b4 61. Qd6+ Kb7 62. h6 Qd3+ 63. Kg4 a5 1-0

[Event "ROM-chT"]
[Site "Romania"]
[Date "2002.??.??"]
[Round "1"]
[White "Moraru, Marius"]
[Black "Teodorescu, Ion"]
[Result "1-0"]
[WhiteElo "2305"]
[BlackElo "2284"]
[PlyCount "129"]
[EventDate "2002.??.??"]
[EventType "team"]
[EventRounds "5"]
[EventCountry "ROU"]
[SourceTitle "EXT 2008"]
[Source "ChessBase"]
[SourceDate "2007.11.25"]
[SourceVersion "1"]
[SourceVersionDate "2007.11.25"]
[SourceQuality "1"]

1. a3 e5 2. c4 Nc6 3. Nc3 Nf6 4. g3 d5 5. cxd5 Nxd5 6. Bg2 Be6 7. Nf3 Nxc3 8. bxc3 e4 9. Nd4 Nxd4 10. cxd4 Bd5 11. 0-0 Bd6 12. d3 f5 13. dxe4 fxe4 14. f3 Qe7 15. fxe4 Bxe4 16. Qa4+ c6 17. Bxe4 Qxe4 18. Bf4 Bxf4 19. Rxf4 Qe3+ 20. Kh1 g5 21. Rf3 Qe4 22. Kg1 0-0-0 23. Qxa7 Qxd4+ 24. Qxd4 Rxd4 25. Rf7 Rd7 26. Raf1 Rhd8 27. Rxd7 Rxd7 28. Rf5 Rg7 29. Kf2 Kd7 30. e4 Ke6 31. Ke3 h6 32. Rf8 Rh7 33. Re8+ Kd7 34. Rg8 Ke6 35. Re8+ Kd7 36. Rb8 Kd6 37. Kd4 Kc7 38. Rg8 b6 39. e5 Rd7+ 40. Ke4 c5 41. e6 Rd1 42. Rg7+ Kd8 43. Rb7 Rh1 44. Kd5 Rxh2 45. Rxb6 Rg2 46. Rb8+ Ke7 47. Rb7+ Ke8 48. Kd6 Rd2+ 49. Kxc5 Rd3 50. a4 Rxg3 51. a5 Ra3 52. Kd6 Rd3+ 53. Ke5 Ra3 54. a6 Rxa6 55. Kf6 Kd8 56. Kf7 Kc8 57. Rb5 Ra2 58. Rc5+ Kb7 59. e7 Re2 60. e8Q Rxe8 61. Kxe8 Kb6 62. Rc1 g4 63. Rh1 Kc5 64. Rxh6 Kd4 65. Rh4 1-0

[Event "Bucharest Winter Cup"]
[Site "Bucharest"]
[Date "2001.12.16"]
[Round "6"]
[White "Nanu, Ciprian Costica"]
[Black "Moraru, Marius"]
[Result "1/2-1/2"]
[WhiteElo "2412"]
[BlackElo "2303"]
[PlyCount "30"]
[EventDate "2001.12.11"]
[EventType "tourn"]
[EventRounds "11"]
[EventCountry "ROU"]
[EventCategory "2"]
[SourceTitle "CBM 085 Extra"]
[Source "ChessBase"]
[SourceDate "2002.01.21"]
[SourceVersion "1"]
[SourceVersionDate "2002.01.21"]
[SourceQuality "1"]

1. d4 Nf6 2. c4 g6 3. Nc3 Bg7 4. e4 d6 5. Nf3 0-0 6. Be2 e5 7. 0-0 Nc6 8. d5 Ne7 9. Ne1 Nd7 10. Nd3 f5 11. f3 f4 12. g4 fxg3 13. hxg3 Nf6 14. Kg2 Rf7 15. Be3 h5 1/2-1/2

[Event "Bucharest Winter Cup"]
[Site "Bucharest"]
[Date "2001.12.14"]
[Round "4"]
[White "Voicu Jagodzinsky, Carmen"]
[Black "Moraru, Marius"]
[Result "0-1"]
[WhiteElo "2205"]
[BlackElo "2303"]
[PlyCount "50"]
[EventDate "2001.12.11"]
[EventType "tourn"]
[EventRounds "11"]
[EventCountry "ROU"]
[EventCategory "2"]
[SourceTitle "CBM 085 Extra"]
[Source "ChessBase"]
[SourceDate "2002.01.21"]
[SourceVersion "1"]
[SourceVersionDate "2002.01.21"]
[SourceQuality "1"]

1. e4 c5 2. Nf3 Nc6 3. Nc3 g6 4. d4 cxd4 5. Nxd4 Bg7 6. Be3 Nf6 7. Bc4 0-0 8. Bb3 a5 9. f3 a4 10. Nxa4 d5 11. Nxc6 bxc6 12. 0-0 Qc7 13. exd5 Nxd5 14. Bxd5 cxd5 15. Nb6 Ra5 16. Qd2 d4 17. Bxd4 Rd8 18. Qxa5 Bxd4+ 19. Kh1 Bxb6 20. Qb5 Rd2 21. c3 Bh3 22. Rg1 Bxg1 23. Rxg1 Qf4 24. Qb7 Be6 25. Qxe7 Bd5 0-1

[Event "Bucharest Winter Cup"]
[Site "Bucharest"]
[Date "2001.12.13"]
[Round "3"]
[White "Moraru, Marius"]
[Black "Tikhomirov, Sergei"]
[Result "0-1"]
[WhiteElo "2303"]
[BlackElo "2357"]
[PlyCount "78"]
[EventDate "2001.12.11"]
[EventType "tourn"]
[EventRounds "11"]
[EventCountry "ROU"]
[EventCategory "2"]
[SourceTitle "CBM 085 Extra"]
[Source "ChessBase"]
[SourceDate "2002.01.21"]
[SourceVersion "1"]
[SourceVersionDate "2002.01.21"]
[SourceQuality "1"]

1. e4 e5 2. Nf3 Nc6 3. d4 exd4 4. Bc4 Bc5 5. c3 d3 6. b4 Bb6 7. a4 a6 8. Qb3 Qf6 9. 0-0 Nge7 10. Bg5 Qg6 11. Bxe7 Kxe7 12. e5 Re8 13. Nbd2 Kf8 14. Rae1 Qh5 15. Kh1 d6 16. a5 Ba7 17. exd6 Rxe1 18. Rxe1 cxd6 19. Re4 Ne5 20. Nxe5 dxe5 21. Nf3 f6 22. b5 Bf5 23. Qb4+ Ke8 24. Re1 Bxf2 25. bxa6 bxa6 26. Qb7 Ra7 27. Qb8+ Kd7 28. Rxe5 fxe5 29. Nxe5+ Ke7 30. Qb4+ Kf6 31. Qd6+ Kg5 32. Nf3+ Qxf3 33. gxf3 Rd7 34. f4+ Kh5 35. Qe5 g6 36. Kg2 Bh4 37. Bd5 Kh6 38. c4 d2 39. Qd4 Be1 0-1

[Event "ROM-chT"]
[Site "Sovata"]
[Date "2001.03.24"]
[Round "4"]
[White "Ardelean, George Catalin"]
[Black "Moraru, Marius"]
[Result "1-0"]
[WhiteElo "2425"]
[BlackElo "2297"]
[PlyCount "78"]
[EventDate "2001.03.21"]
[EventType "team"]
[EventRounds "5"]
[EventCountry "ROU"]
[SourceTitle "EXT 2003"]
[Source "ChessBase"]
[SourceDate "2002.11.25"]
[SourceVersion "1"]
[SourceVersionDate "2002.11.25"]
[SourceQuality "1"]

1. e4 c5 2. Nf3 Nc6 3. d4 cxd4 4. Nxd4 Nf6 5. Nc3 e5 6. Ndb5 d6 7. Bg5 a6 8. Na3 b5 9. Bxf6 gxf6 10. Nd5 Bg7 11. Qh5 Ne7 12. Ne3 f5 13. exf5 e4 14. 0-0-0 Qa5 15. f6 Bxf6 16. Nd5 Nxd5 17. Qxd5 Qb4 18. c3 Bxc3 19. Qc6+ Bd7 20. Qxc3 Rc8 21. Nc4 Qxc3+ 22. bxc3 bxc4 23. Rxd6 Bb5 24. Be2 Ke7 25. Rhd1 Rhg8 26. g3 Rg6 27. R6d4 f5 28. Kd2 h6 29. h4 Rb6 30. Ke3 Ba4 31. R1d2 Rb1 32. Rxc4 Rxc4 33. Bxc4 Rc1 34. Kd4 a5 35. Bg8 Bc2 36. Bh7 f4 37. Bxe4 Bxe4 38. Re2 fxg3 39. fxg3 Kf6 1-0

[Event "ROM-ch"]
[Site "Baile Tusnad"]
[Date "2001.02.20"]
[Round "15"]
[White "Moraru, Marius"]
[Black "Manea, Alexandru"]
[Result "1-0"]
[WhiteElo "2297"]
[BlackElo "2301"]
[PlyCount "41"]
[EventDate "2001.02.05"]
[EventType "tourn"]
[EventRounds "14"]
[EventCountry "ROU"]
[EventCategory "7"]
[SourceTitle "CBM 080 Extra"]
[Source "ChessBase"]
[SourceDate "2001.03.08"]
[SourceVersion "1"]
[SourceVersionDate "2001.03.08"]
[SourceQuality "1"]

1. e4 d5 2. exd5 Qxd5 3. Nc3 Qa5 4. d4 Nf6 5. Nf3 c6 6. h3 Bf5 7. Bd3 Bxd3 8. Qxd3 e6 9. Bf4 Bb4 10. 0-0 Nbd7 11. a3 Bxc3 12. bxc3 Nd5 13. Bd2 Qa4 14. c4 N5b6 15. c5 Nc4 16. Bb4 b5 17. cxb6 Ndxb6 18. Rfb1 Rd8 19. Bc5 Qa5 20. Rb4 Nd6 21. Ne5 1-0

[Event "ROM-ch"]
[Site "Baile Tusnad"]
[Date "2001.02.09"]
[Round "5"]
[White "Cosma, Ioan"]
[Black "Moraru, Marius"]
[Result "1-0"]
[WhiteElo "2468"]
[BlackElo "2297"]
[PlyCount "53"]
[EventDate "2001.02.05"]
[EventType "tourn"]
[EventRounds "14"]
[EventCountry "ROU"]
[EventCategory "7"]
[SourceTitle "CBM 080 Extra"]
[Source "ChessBase"]
[SourceDate "2001.03.08"]
[SourceVersion "1"]
[SourceVersionDate "2001.03.08"]
[SourceQuality "1"]

1. d4 g6 2. e4 Bg7 3. Nc3 d6 4. Nf3 Nf6 5. h3 0-0 6. Be3 c5 7. dxc5 Qa5 8. cxd6 Nxe4 9. dxe7 Re8 10. Nd2 Nxc3 11. bxc3 Bxc3 12. Bd3 Rxe7 13. 0-0 Bxa1 14. Qxa1 Rxe3 15. Nc4 Qg5 16. Nxe3 Bxh3 17. Rb1 Be6 18. Rxb7 Nd7 19. Qd4 Ne5 20. Be2 Rd8 21. Qxa7 Kg7 22. Qa3 Rd2 23. Rb8 Qf4 24. Qf8+ Kf6 25. Rb4 Bc4 26. Rxc4 Nxc4 27. g3 1-0

[Event "ROM-chT"]
[Site "Sovata"]
[Date "2000.04.13"]
[Round "1"]
[White "Moraru, Marius"]
[Black "Florean, Andrei"]
[Result "1/2-1/2"]
[WhiteElo "2340"]
[BlackElo "2417"]
[PlyCount "105"]
[EventDate "2000.04.13"]
[EventType "team"]
[EventRounds "5"]
[EventCountry "ROU"]
[SourceTitle "EXT 2001"]
[Source "ChessBase"]
[SourceDate "2000.11.22"]
[SourceVersion "1"]
[SourceVersionDate "2000.11.22"]
[SourceQuality "1"]

1. e4 c5 2. Nf3 d6 3. d4 cxd4 4. Nxd4 Nf6 5. Nc3 a6 6. Be3 e5 7. Nb3 Be6 8. f3 Nbd7 9. g4 h6 10. Qd2 Be7 11. 0-0-0 b5 12. Kb1 Nb6 13. Qf2 Rb8 14. Nc5 Bc8 15. Nd3 Nc4 16. Nb4 Nxe3 17. Qxe3 Qb6 18. Qxb6 Rxb6 19. Be2 Bb7 20. h4 Kd7 21. a4 a5 22. Nd3 b4 23. Nb5 Kc8 24. b3 Rd8 25. g5 Nh5 26. Rhg1 hxg5 27. hxg5 g6 28. Bf1 Kb8 29. Nb2 d5 30. exd5 Rxd5 31. Rxd5 Bxd5 32. Bc4 Bxf3 33. Bxf7 e4 34. Nc4 Ra6 35. Ne5 Nf4 36. Nd4 Ne2 37. Nxe2 Bxe2 38. Nxg6 Bc5 39. Re1 Bh5 40. Ne5 Bxf7 41. Nd7+ Kc7 42. Nxc5 Rg6 43. Rxe4 Rxg5 44. Re7+ Kd6 45. Ne4+ Kxe7 46. Nxg5 Bd5 47. Nh3 Kd6 48. Kc1 Ke5 49. Kd2 Be6 50. Nf2 Kd4 51. Nd3 Bc8 52. Nf4 Bg4 53. Ng2 1/2-1/2

[Event "Cappelle op 16th"]
[Site "Cappelle la Grande"]
[Date "2000.02.21"]
[Round "3"]
[White "Moraru, Marius"]
[Black "Dgebuadze, Alexandre"]
[Result "0-1"]
[WhiteElo "2340"]
[BlackElo "2540"]
[PlyCount "58"]
[EventDate "2000.02.19"]
[EventType "swiss"]
[EventRounds "9"]
[EventCountry "FRA"]
[SourceTitle "CBM 074 Extra"]
[Source "ChessBase"]
[SourceDate "2000.03.10"]
[SourceVersion "2"]
[SourceVersionDate "2000.03.10"]
[SourceQuality "1"]

1. e4 e6 2. d4 d5 3. Nd2 Nf6 4. e5 Nfd7 5. c3 c5 6. Bd3 Nc6 7. Ne2 cxd4 8. cxd4 f6 9. exf6 Nxf6 10. 0-0 Bd6 11. Nf3 Qc7 12. Bg5 0-0 13. Rc1 Bd7 14. Bh4 Rae8 15. Nc3 Qb6 16. Na4 Qa5 17. Nc5 Bc8 18. Bb1 g6 19. Re1 Nh5 20. Rc3 Qc7 21. Nd3 Qg7 22. Nc5 Nf4 23. Bg3 g5 24. a3 g4 25. Ne5 Nxe5 26. dxe5 Bxe5 27. Rxe5 Qxe5 28. Re3 Qg7 29. Qa4 Qxb2 0-1